000 00609nam a2200193Ia 4500
003 GCL
008 140319s9999 xx 000 0 ara d
040 _aGCL /
_cGCL
082 0 4 _a962
_bع ع
100 1 _aعبدالعظيم رمضان
245 1 0 _aالعلاقات المصرية الاسرائيلية (1948 - 1979) (49) /
_cعبدالعظيم رمضان
300 _a159 ص
490 _aتاريخ المصريين
_v0
650 0 4 _aمصر
650 0 4 _aتاريخ
650 0 4 _aاتفاقيات كامب ديفيد
650 0 4 _aالحرب العراقية الايرانية
942 _2ddc
_cBK
999 _c46582
_d46582